|
|
|
|
| LEADER |
00740nam a22002412a 4500 |
| 001 |
000976584 |
| 003 |
CZ BrMZK |
| 005 |
20100430134728.0 |
| 007 |
ta |
| 008 |
091109s1929 xr er|||||||||||cze d |
| 020 |
|
|
|q (Váz.)
|
| 040 |
|
|
|a ABA001
|b cze
|d BOA001
|
| 100 |
1 |
|
|a Rón, Zdeněk,
|d 1889-1948
|7 jk01102672
|4 aut
|
| 245 |
1 |
0 |
|a Svěží den :
|b (románu Průvan v podhoří díl 2.) /
|c Zdeněk Rón
|
| 260 |
|
|
|a Turnov :
|b Müller a spol.,
|c 1929
|
| 300 |
|
|
|a 279 s.
|
| 490 |
1 |
|
|a Sever a Východ ;
|v sv. 30
|
| 787 |
1 |
8 |
|t Průvan v pohoří
|
| 830 |
|
0 |
|a Sever a Východ
|0 s
|
| 910 |
|
|
|a BOA001
|b 1-0334.039
|
| 990 |
|
|
|a BK
|
| 991 |
|
|
|b 200910
|
| 996 |
6 |
|
|b 2619348444
|c 1-0334.039
|l MZK
|r Sklad / do 1 hodiny
|n 2
|w 000976584
|u 000010
|a 1
|e BOA001
|j MZK50
|s P
|